[Event "GER-ch 73th"]
[Site "Altenkirchen"]
[Date "2001.12.01"]
[Round "2"]
[White "Tischbierek, Raj"]
[Black "Hertneck, Gerald"]
[Result "1-0"]
[WhiteElo "2493"]
[BlackElo "2572"]
[EventDate "2001.11.30"]
[PlyCount "61"]

1. e4 e6 2. d4 d5 3. Nd2 b6 4. Ngf3 Nf6 5. Ne5 Bb7 6. Bb5+ c6 7. Bd3 Nbd7 8. Nxd7 Nxd7 9. e5 c5 10. c3 a5 11. Qe2 Qc8 12. O-O Be7 13. Qg4 Kf8 14. Re1 Ba6 15. Bb1 cxd4 16. cxd4 Ra7 17. Nf3 h6 18. Bd2 Rc7 19. a3 Qe8 20. h4 Rc6 21. Qf4 Kg8 22. h5 g5 23. Qg3 Kg7 24. Nh2 f5 25. exf6+ Bxf6 26. Bg6 Qb8 27. Qh3 Qd6 28. Bc3 e5 29. dxe5 Nxe5 30. Bxe5 Bxe5 31. Rxe5 1-0

[Event "GER-ch 73th"]
[Site "Altenkirchen"]
[Date "2001.12.03"]
[Round "4"]
[White "Braun, Arik"]
[Black "Rabiega, Robert"]
[Result "1-0"]
[WhiteElo "2235"]
[BlackElo "2499"]
[EventDate "2001.11.30"]
[PlyCount "79"]

1. d4 d5 2. c4 e6 3. Nc3 Bb4 4. e3 Nf6 5. a3 Bxc3+ 6. bxc3 O-O 7. cxd5 exd5 8. Bd3 Bg4 9. Ne2 Qc8 10. O-O c5 11. f3 Bf5 12. Ng3 Bg6 13. Bb2 Nc6 14. Qd2 Na5 15. Rae1 cxd4 16. cxd4 Nc4 17. Bxc4 Qxc4 18. Rc1 Qa6 19. Rc7 Rad8 20. Qb4 Ne8 21. Rc5 Qe6 22. Qxb7 Qxe3+ 23. Kh1 Nd6 24. Qb4 Nc4 25. Re1 Qf4 26. Ne2 Qh4 27. Bc3 Rfe8 28. Qb7 Qf2 29. Ng1 h6 30. Qc7 Kh7 31. Qg3 Qa2 32. Rxe8 Rxe8 33. Rxd5 Qxa3 34. Be1 Qa1 35. Bf2 Nb2 36. h4 h5 37. f4 Qb1 38. Kh2 Qe4 39. Rg5 Rg8 40. f5 1-0

[Event "GER-ch 73th"]
[Site "Altenkirchen"]
[Date "2001.12.03"]
[Round "4"]
[White "Hammes, Michael"]
[Black "Christ, Ralf"]
[Result "1-0"]
[WhiteElo "2377"]
[BlackElo "2281"]
[EventDate "2001.11.30"]
[PlyCount "93"]

1. d4 Nf6 2. Nf3 g6 3. c4 Bg7 4. Nc3 d5 5. cxd5 Nxd5 6. e4 Nxc3 7. bxc3 c5 8. Be3 Qa5 9. Qd2 Nc6 10. Rc1 cxd4 11. cxd4 Qxd2+ 12. Kxd2 O-O 13. d5 Rd8 14. Ke1 Na5 15. Bb5 f5 16. Bd3 fxe4 17. Bxe4 Bf5 18. Bxf5 gxf5 19. Ke2 Rxd5 20. Rc7 Bf6 21. Rhc1 a6 22. Bd2 Rad8 23. R1c2 R8d6 24. Bxa5 Re6+ 25. Kf1 Rxa5 26. Rxb7 Re4 27. Rd7 Rb5 28. g3 a5 29. h4 a4 30. Ng5 Bxg5 31. hxg5 Kf7 32. f3 Rb1+ 33. Kf2 Ree1 34. Ra7 Rf1+ 35. Ke3 Rfe1+ 36. Kf4 a3 37. Kxf5 Rb2 38. Rc4 Rxa2 39. Rca4 Re3 40. Kg4 Rb3 41. Rf4+ Ke8 42. Re4 Rf2 43. Rexe7+ Kf8 44. Rxh7 Kg8 45. Rhg7+ Kh8 46. f4 Rg2 47. Rgb7 1-0

[Event "GER-ch 73th"]
[Site "Altenkirchen"]
[Date "2001.12.03"]
[Round "4"]
[White "Kalinitschew, Sergey"]
[Black "Espig, Lutz"]
[Result "1-0"]
[WhiteElo "2483"]
[BlackElo "2421"]
[EventDate "2001.11.30"]
[PlyCount "101"]

1. d4 d5 2. c4 e6 3. Nf3 c5 4. cxd5 exd5 5. Nc3 Nc6 6. Bg5 Be7 7. Bxe7 Ngxe7 8. dxc5 Qa5 9. e3 Qxc5 10. Be2 O-O 11. O-O Bg4 12. Nd2 Bxe2 13. Qxe2 Qb4 14. Nf3 Rad8 15. Rfd1 Qc4 16. Nd4 Qxe2 17. Ndxe2 Rd7 18. Rd2 Ne5 19. b3 Rc8 20. Rad1 f6 21. e4 Rdc7 22. Nxd5 Nxd5 23. exd5 Rc2 24. f4 Nd7 25. Nd4 Rxd2 26. Rxd2 Nb6 27. Nf5 Rd8 28. Ne3 Kf7 29. a4 Re8 30. Kf2 Rc8 31. a5 Nd7 32. Rc2 Rxc2+ 33. Nxc2 Ke7 34. Ke3 Kd6 35. Kd4 Nc5 36. Kc4 g6 37. Ne3 Nd7 38. Kd4 b5 39. axb6 axb6 40. Nc4+ Kc7 41. b4 b5 42. Na3 Kb6 43. g4 Nb8 44. g5 fxg5 45. fxg5 Na6 46. Nc2 Kc7 47. Ke5 Kd7 48. h3 Ke7 49. d6+ Kd7 50. Kd5 Nb8 51. Nd4 1-0

[Event "GER-ch 73th"]
[Site "Altenkirchen"]
[Date "2001.12.03"]
[Round "4"]
[White "Keilhack, Harald"]
[Black "Hertneck, Gerald"]
[Result "0-1"]
[WhiteElo "2318"]
[BlackElo "2572"]
[EventDate "2001.11.30"]
[PlyCount "38"]

1. Nf3 Nf6 2. c4 e6 3. g3 d5 4. d4 dxc4 5. Bg2 a6 6. O-O Nc6 7. Nc3 Rb8 8. e4 Be7 9. Qe2 b5 10. d5 Nb4 11. Ne5 Nd7 12. Nxf7 Kxf7 13. dxe6+ Kxe6 14. Qh5 g6 15. Qe2 Kf7 16. f4 Re8 17. e5 Kg8 18. b3 Nf8 19. bxc4 Qd4+ 0-1

[Event "GER-ch 73th"]
[Site "Altenkirchen"]
[Date "2001.12.03"]
[Round "4"]
[White "Kleeschaetzky, Rainer"]
[Black "Breutigam, Martin"]
[Result "0-1"]
[WhiteElo "2318"]
[BlackElo "2411"]
[EventDate "2001.11.30"]
[PlyCount "56"]

1. e4 e5 2. Nf3 Nc6 3. Bb5 Bc5 4. O-O Qf6 5. c3 Nge7 6. Re1 a6 7. Bxc6 Nxc6 8. d4 Ba7 9. Bg5 Qg6 10. Bh4 exd4 11. cxd4 d6 12. d5 Ne5 13. Nxe5 dxe5 14. Qa4+ Bd7 15. Qb4 Qd6 16. Qxb7 O-O 17. Qb3 Rab8 18. Qc2 Bd4 19. Nc3 f5 20. exf5 Bxf5 21. Qd2 Qb4 22. Bg3 Qxb2 23. Qxb2 Rxb2 24. Rac1 Bd3 25. Nd1 Rxa2 26. Rxc7 Ra1 27. d6 Rd8 28. d7 Bf5 0-1

[Event "GER-ch 73th"]
[Site "Altenkirchen"]
[Date "2001.12.03"]
[Round "4"]
[White "Levin, Felix"]
[Black "Gutman, Lev"]
[Result "1/2-1/2"]
[WhiteElo "2541"]
[BlackElo "2488"]
[EventDate "2001.11.30"]
[PlyCount "123"]

1. d4 Nf6 2. c4 e5 3. dxe5 Ne4 4. a3 d6 5. Nf3 Bf5 6. g3 h5 7. Bg2 Nc6 8. Nd4 Nxd4 9. Qxd4 Nc5 10. Qe3 dxe5 11. b4 Ne6 12. Bb2 f6 13. Bxb7 Rb8 14. Be4 Bc5 15. Qf3 Bg4 16. Bg6+ Ke7 17. Qd3 Qxd3 18. Bxd3 h4 19. Nc3 a5 20. Nd5+ Kf7 21. Bc3 c6 22. bxc5 cxd5 23. c6 d4 24. Bxa5 Nc5 25. Bb4 Nxd3+ 26. exd3 hxg3 27. fxg3 Bf3 28. Rf1 Bxc6 29. h4 Rh6 30. Bd6 Rb7 31. Kd2 Ke6 32. Bb4 g5 33. hxg5 Rh2+ 34. Ke1 f5 35. Rd1 Rg7 36. Bd2 Rg2 37. Rb1 Rxg3 38. Rb6 Rc7 39. Ke2 f4 40. Rh1 Kf5 41. Rh6 Bf3+ 42. Kf2 Bb7 43. Rhf6+ Kg4 44. g6 Rg2+ 45. Ke1 Kf3 46. Kd1 Kf2 47. Rbe6 Bf3+ 48. Kc2 Rg5 49. Bxf4 exf4 50. Rxf4 Kg3 51. Rxd4 Ra7 52. Kb2 Rb7+ 53. Kc3 Ra5 54. Rdd6 Rxa3+ 55. Kd4 Bg4 56. Rf6 Be2 57. Ke3 Re7+ 58. Rfe6 Rxe6+ 59. Rxe6 Bxd3 60. Kd4 Bf5 61. Rf6 Kf4 62. c5 1/2-1/2

[Event "GER-ch 73th"]
[Site "Altenkirchen"]
[Date "2001.12.03"]
[Round "4"]
[White "Scherer, Max"]
[Black "Bastian, Herbert"]
[Result "0-1"]
[WhiteElo "2289"]
[BlackElo "2353"]
[EventDate "2001.11.30"]
[PlyCount "166"]

1. c4 e5 2. g3 Nc6 3. Bg2 g6 4. Nc3 Bg7 5. e3 d6 6. Nge2 Bg4 7. h3 Be6 8. b3 Nge7 9. O-O Qd7 10. Kh2 h5 11. d4 exd4 12. exd4 d5 13. Bg5 h4 14. Nf4 hxg3+ 15. fxg3 Bg4 16. Qe1 O-O-O 17. cxd5 Rde8 18. dxc6 Nxc6 19. Qd2 Nxd4 20. Ncd5 Bxh3 21. Bxh3 Rxh3+ 22. Nxh3 Re2+ 23. Qxe2 Nxe2 24. Rad1 Bd4 25. Ne3 c5 26. Rde1 Nc3 27. Nc4 f5 28. Re7 Qc6 29. Rfe1 Ne4 30. Bf4 Kd8 31. Rc7 Qa6 32. a4 g5 33. Bd6 Nxd6 34. Ree7 Nxc4 35. bxc4 Bf6 36. Rcd7+ Kc8 37. Rc7+ Kb8 38. Rf7 Bd8 39. Rcd7 Kc8 40. Rd2 Qh6 41. Kg2 g4 42. Nf4 Bc7 43. Re2 Qc6+ 44. Nd5 Bd8 45. Rf8 Kd7 46. Rf7+ Kd6 47. Rf8 Kd7 48. Rxf5 Qxa4 49. Rd2 Kc6 50. Ne3 Qa5 51. Rdd5 Qa3 52. Rfe5 b6 53. Nxg4 Bc7 54. Re6+ Kb7 55. Ne3 b5 56. Re7 Kb6 57. Re6+ Kb7 58. Re7 Qb2+ 59. Kf3 Qf6+ 60. Nf5 Kc6 61. g4 bxc4 62. Rdd7 Bb8 63. Rd8 Bh2 64. Rc8+ Kb6 65. Rce8 Qg5 66. Ne3 c3 67. Re6+ Kb5 68. R8e7 Qf4+ 69. Ke2 a5 70. Re4 Qg3 71. R7e6 Bg1 72. Nc4 Bd4 73. Na3+ Ka4 74. Nc4 Kb4 75. Ne3 Qh2+ 76. Kf3 c2 77. Rb6+ Ka4 78. Rb2 Qh1+ 79. Ke2 c1=Q 80. Ra2+ Kb3 81. Rd2 Qh2+ 82. Kf3 Qch1+ 83. Ng2 Qf1+ 0-1

[Event "GER-ch 73th"]
[Site "Altenkirchen"]
[Date "2001.12.03"]
[Round "4"]
[White "Schulz, Karsten"]
[Black "Von Herman, Ulf"]
[Result "1-0"]
[WhiteElo "2268"]
[BlackElo "2364"]
[EventDate "2001.11.30"]
[PlyCount "43"]

1. c4 c5 2. Nc3 g6 3. g3 Bg7 4. Bg2 Nc6 5. e3 d6 6. Nge2 Nh6 7. O-O O-O 8. b3 Bd7 9. Bb2 Nf5 10. d3 Rb8 11. Qd2 h5 12. Nd5 Bxb2 13. Qxb2 b5 14. cxb5 Rxb5 15. d4 cxd4 16. e4 Ng7 17. Nxd4 Nxd4 18. Qxd4 a5 19. Rac1 h4 20. Rfe1 e5 21. Qa7 Ne6 22. Qxd7 1-0

[Event "GER-ch 73th"]
[Site "Altenkirchen"]
[Date "2001.12.03"]
[Round "4"]
[White "Knuth, Hannes"]
[Black "Muranyi, Karl Jasmin"]
[Result "0-1"]
[WhiteElo "2313"]
[BlackElo "2357"]
[EventDate "2001.11.30"]
[PlyCount "100"]

1. d4 d5 2. c4 c6 3. Nf3 Bf5 4. Nc3 e6 5. Bf4 Qb6 6. Qb3 dxc4 7. Qxb6 axb6 8. e4 Bg6 9. Bxc4 Nf6 10. Nd2 b5 11. Bd3 Nbd7 12. f3 Bb4 13. g4 Nb6 14. Ke2 Nfd7 15. a3 Be7 16. h4 f6 17. h5 Bf7 18. e5 fxe5 19. Bxe5 Nxe5 20. dxe5 Bg5 21. Nde4 Bf4 22. Nd6+ Ke7 23. Nxb7 Bxe5 24. Rac1 h6 25. Ne4 Rhb8 26. Rc5 Bd4 27. Rxc6 Rxb7 28. Nd6 Rbb8 29. Nxb5 Bxb2 30. Rb1 Be5 31. Nc7 Bxc7 32. Rxc7+ Kf6 33. f4 Be8 34. g5+ hxg5 35. fxg5+ Kxg5 36. Rxg7+ Kf6 37. h6 Bh5+ 38. Kd2 Nc4+ 39. Kc3 Rxb1 40. Bxb1 Ne3 41. a4 Nf5 42. Rc7 Rxa4 43. h7 Ra8 44. Bxf5 exf5 45. Kd4 Bf7 46. Rc6+ Be6 47. Rc7 Ra4+ 48. Ke3 Rh4 49. Ra7 Bf7 50. Ra6+ Kg5 0-1

[Event "GER-ch 73th"]
[Site "Altenkirchen"]
[Date "2001.12.04"]
[Round "5"]
[White "Muranyi, Karl Jasmin"]
[Black "Keilhack, Harald"]
[Result "1-0"]
[WhiteElo "2357"]
[BlackElo "2318"]
[EventDate "2001.11.30"]
[PlyCount "129"]

1. d4 d5 2. Bf4 g6 3. e3 Bg7 4. Nf3 Nf6 5. h3 c5 6. c3 Nc6 7. Nbd2 O-O 8. Be2 b6 9. Ne5 Nxe5 10. Bxe5 Bb7 11. O-O Nd7 12. Bxg7 Kxg7 13. b4 Qc7 14. bxc5 bxc5 15. Qa4 Rfc8 16. Rfb1 Nb6 17. Qa5 c4 18. Bg4 e6 19. Rb4 Bc6 20. Bd1 Nd7 21. Qxc7 Rxc7 22. Rab1 Kf8 23. Bc2 Ke7 24. f3 Kd6 25. Kf2 f6 26. e4 e5 27. dxe5+ Nxe5 28. exd5 Bxd5 29. Rd1 Ke7 30. f4 Nd3+ 31. Bxd3 cxd3 32. c4 Be6 33. Ke3 Rd8 34. Rdb1 h5 35. Rb7 Rdd7 36. Rxc7 Rxc7 37. Rb4 Bf5 38. Nb3 Kf7 39. Nd4 Re7+ 40. Kd2 Be4 41. g3 g5 42. fxg5 fxg5 43. Rb5 Rc7 44. Re5 Bg2 45. c5 Bxh3 46. Rxg5 Bg4 47. Kxd3 Kf6 48. Rd5 Rb7 49. c6 Rb2 50. c7 Rxa2 51. Nf5 Be2+ 52. Kc3 Ba6 53. Rd6+ Kxf5 54. Rxa6 Rxa6 55. c8=Q+ Re6 56. Kd4 Kf6 57. Qc5 Kg6 58. Qxa7 Kg5 59. Qg7+ Rg6 60. Qe5+ Kh6 61. Qf4+ Rg5 62. Ke4 Kg6 63. Qd6+ Kg7 64. Kf4 Rg6 65. Qe5+ 1-0

[Event "GER-ch 73th"]
[Site "Altenkirchen"]
[Date "2001.12.05"]
[Round "6"]
[White "Hammes, Michael"]
[Black "Lobron, Eric"]
[Result "1-0"]
[WhiteElo "2377"]
[BlackElo "2524"]
[EventDate "2001.11.30"]
[PlyCount "94"]

1. d4 Nf6 2. c4 d6 3. Nc3 Nbd7 4. Nf3 c6 5. e4 e5 6. g3 Be7 7. Bg2 O-O 8. O-O a6 9. Qc2 b5 10. Rd1 Qc7 11. h3 Bb7 12. Be3 b4 13. Ne2 c5 14. d5 Ne8 15. Rf1 g6 16. Bh6 Ng7 17. g4 Kh8 18. Ng3 Nf6 19. Rae1 Ng8 20. Bc1 Rae8 21. Nh2 Bh4 22. Nf3 Bf6 23. Nh2 Qa5 24. a3 bxa3 25. Bd2 Qb6 26. b3 Bc8 27. Qa2 Bh4 28. Nf3 Bd8 29. Qxa3 f5 30. gxf5 gxf5 31. b4 cxb4 32. Bxb4 Be7 33. exf5 Nxf5 34. Kh2 Rf6 35. Bc3 Ngh6 36. c5 Qa7 37. Nxe5 dxe5 38. Bxe5 Ref8 39. d6 Bd8 40. Nh5 Qf7 41. Nxf6 Bxf6 42. Qc3 Ng8 43. f4 Qa2 44. Rd1 Nh4 45. Rd2 Qe6 46. Bd5 Qf5 47. Bxf6+ Rxf6 1-0

[Event "GER-ch 73th"]
[Site "Altenkirchen"]
[Date "2001.12.07"]
[Round "8"]
[White "Wahls, Matthias"]
[Black "Rabiega, Robert"]
[Result "0-1"]
[WhiteElo "2580"]
[BlackElo "2499"]
[EventDate "2001.11.30"]
[PlyCount "102"]

1. c4 e5 2. d3 Nf6 3. Nf3 Nc6 4. a3 g6 5. b4 d6 6. b5 Ne7 7. Bb2 Bg7 8. g3 O-O 9. Bg2 a6 10. a4 axb5 11. axb5 Rxa1 12. Bxa1 c6 13. bxc6 bxc6 14. O-O Nd7 15. Nc3 Qc7 16. Nd2 Nc5 17. Na4 Nxa4 18. Qxa4 Bg4 19. Re1 Qd7 20. Ne4 d5 21. Nc3 d4 22. Ne4 Rb8 23. h3 Bf5 24. Kh2 Qc7 25. Qa3 Bxe4 26. Bxe4 Bf8 27. e3 c5 28. exd4 exd4 29. Bb2 Nc6 30. Bc1 Nb4 31. Qb3 Rb6 32. Bg2 Qd7 33. Bf1 Qf5 34. Kg2 Rf6 35. Bf4 Bd6 36. Re4 g5 37. g4 Qd7 38. Bxg5 Rg6 39. Bh4 f5 40. Re1 fxg4 41. Kh1 gxh3 42. Qd1 Qg4 43. Qxg4 Rxg4 44. Re4 Rxe4 45. dxe4 h6 46. Bxh3 d3 47. Bf6 d2 48. Bg4 Nd3 49. Kg2 Be5 50. Bxe5 Nxe5 51. Be2 Kg7 0-1

[Event "GER-ch 73th"]
[Site "Altenkirchen"]
[Date "2001.12.08"]
[Round "9"]
[White "Schramm, Christian"]
[Black "Bruehl, Andreas"]
[Result "1/2-1/2"]
[WhiteElo "2359"]
[BlackElo "2271"]
[EventDate "2001.11.30"]
[PlyCount "42"]

1. e4 e5 2. Nf3 Nc6 3. Bc4 Nf6 4. d3 Bc5 5. O-O d6 6. c3 Bb6 7. Bb3 Be6 8. Ba4 O-O 9. Qe2 Ne7 10. d4 Ng6 11. Rd1 Qe7 12. Nbd2 Bg4 13. dxe5 Nxe5 14. Re1 Nh5 15. Qf1 Bxf3 16. Nxf3 Nxf3+ 17. gxf3 Qh4 18. Qg2 Nf4 19. Qg3 Qxg3+ 20. hxg3 Nd3 21. Re2 Nxc1 1/2-1/2